ბათუმის შოთა რუსთაველის სახელმწიფო უნივერსიტეტის ბიბლიოთეკა

English Language Teaching Matters:A Collection of Articles and teaching Materials (ბიბ.ჩანაწერი № 46659)

000 -LEADER
fixed length control field 00570nam a2200193Ia 4500
001 - CONTROL NUMBER
control field 13500
003 - CONTROL NUMBER IDENTIFIER
control field GE_BSU
008 - FIXED-LENGTH DATA ELEMENTS--GENERAL INFORMATION
fixed length control field 181216s||||||||xx |||||||||||||| ||und||
020 ## - INTERNATIONAL STANDARD BOOK NUMBER
International Standard Book Number 9781846944116
040 ## - CATALOGING SOURCE
Transcribing agency GE_BSU
080 ## - UNIVERSAL DECIMAL CLASSIFICATION NUMBER
Universal Decimal Classification number 811.111
100 ## - MAIN ENTRY--PERSONAL NAME
Personal name Berman,Michael. Mojca,Belak. Wayne,Rimmer
245 ## - TITLE STATEMENT
Title English Language Teaching Matters:A Collection of Articles and teaching Materials
260 ## - PUBLICATION, DISTRIBUTION, ETC.
Place of publication, distribution, etc. Winchester
260 ## - PUBLICATION, DISTRIBUTION, ETC.
Date of publication, distribution, etc. 2011
300 ## - PHYSICAL DESCRIPTION
Extent 220p.20cm.
653 ## - INDEX TERM--UNCONTROLLED
Uncontrolled term English Language Teaching Matters:A Collection of Articles and teaching Materials
942 ## - ADDED ENTRY ELEMENTS (KOHA)
Koha item type წიგნი
ეგზემპლარები
Withdrawn status Lost status Damaged status Not for loan Date acquired Barcode Date last seen Price effective from Koha item type
        2018-12-17 36956 2018-12-17 2018-12-17 წიგნი